banner-ar

العلاقات المصرية الصومالية 1865 - 1980 / (Record no. 65468)

MARC details
000 -الفاتح
حقل البيانات ثابتة الطول 01001nam a22002417a 4500
005 - وقت وتاريخ اخر تعامل مع التسجيلة
رقم الضبط 20240530110826.0
008 - عناصر البيانات ثابتة الطول - معلومات عامة
حقل البيانات ثابتة الطول 190805s2018 ua a g b 000 0 ara d
017 ## - رقم الايداع القانونى
رقم الايداع القانونى 2017/25932
المصدر ( الهيئة المختصة) مصر . دار الكتب المصرية
020 ## - الرقم الدولى المعيارى للكتب
الرقم الدولى المعيارى للكتاب 9789779115412
040 ## - مصدر الفهرسة
وكالة الفهرسة الأصلية EG-CaGPL
082 04 - رقم تصنيف ديوى العشرى
رقم الطبعة 21
رقم التصنيف 327.620677
رقم المادة ق/ هـ ع
100 0# - المدخل الرئيسى - إسم شخصى
الإسم الشخصى هبة مصطفى انور دياب
245 12 - بيان العنوان
العنوان العلاقات المصرية الصومالية 1865 - 1980 /
بيان المسئوليه,etc هبة مصطفى انور دياب
250 ## - بيان الطبعة
بيان الطبعة ط.1
260 ## - PUBLICATION, DISTRIBUTION, ETC. (IMPRINT)
تاريخ النشر أو التوزيع 2018
300 ## - الوصف المادى
التعداد 255 ص. :
تفاصيل ماديه اخرى للوعاء ايض. ؛
أبعاد الوعاء 24 سم.
490 1# - بيان السلسلة
عنوان السلسلة تاريخ المصريين ؛
رقم المجلد/ التعيين التسلسلي 308
504 ## - تبصرة ببليوجرافية
تبصرة ببليوجرافية,الخ يشتمل على ارجاعات ببليوجرافية
651 07 - المدخل الاضافى بالموضوع - اسم جغرافى
الاسم الجغرافي مصر
التقسيم الفرعي العام العلاقات الخارجية
التقسيم الفرعي الجغرافي الصومال
651 07 - المدخل الاضافى بالموضوع - اسم جغرافى
الاسم الجغرافي الصومال
التقسيم الفرعي العام العلاقات الخارجية
التقسيم الفرعي الجغرافي مصر
942 ## - عناصر المدخل الإضافي( كوها)
مصدر التصنيف او مخطط الترفيف Dewey Decimal Classification
Koha [default] item type كتاب
260 ## - PUBLICATION, DISTRIBUTION, ETC. (IMPRINT)
-- القاهرة :
-- الهيئة المصرية العامة للكتاب،
Holdings
حالة التراجع حالة الفقد حالة تلف ليس للاعارة المكان المؤقت الموقع الحالى موقع الترفيف تاريخ الاكتساب اجمالي اﻻعارات رقم الطلب الباركود تاريخ اخر مشاهدة تاريخ تفعيل السعر نوع وعاء كوها
        مكتبة القاهرة الكبرى مكتبة القاهرة الكبرى   08/06/2019   327.620677 ق/ هـ ع 166336 10/05/2022 08/06/2019 كتاب

Powered By

EGPV